000 00702nam a22002537a 4500
001 65512
003 UA-OsUOA
005 20210712193902.0
007 ta
008 20091125b un ||||| |||| 00| 0 ukr d
020 _a966727540Х
040 _aUA-OsUOA
_bukr
_cUA-OsUOA
_dUA-OsUOA
041 _aukr
080 _a821.161.2
090 _a821.161.2
_bН12
100 _aБазалія О.
245 _aНа роздоріжжі двох тисячоліть...
260 _aК.
_c2003
300 _a310 с.
650 7 _a82 Література. Літературознавство
_2UDC
942 _cBK
_2udc
955 _a2
999 _c351467
_d351467